Statistics for Three Days Grace Songs

Click here to take the quiz!

General Stats

  • This quiz has been taken 28 times
    (9 since last reset)
  • The average score is 44 of 95

Answer Stats

AlbumSong% Correct
One-X (2006)Animal I Have Become
100%
Transit Of Venus (2012)Chalk Outline
86%
Human (2015)I Am Machine
86%
Three Days Grace (2003)I Hate Everything About You
86%
One-X (2006)One-X
86%
Outsider (2018)Right Left Wrong
86%
Life Starts Now (2009)Break
71%
EXPLOSIONS (2022)Explosions
71%
One-X (2006)Gone Forever
71%
Human (2015)Human Race
71%
Outsider (2018)Infra-Red
71%
Three Days Grace (2003)Just Like You
71%
Life Starts Now (2009)Life Starts Now
71%
One-X (2006)Never Too Late
71%
One-X (2006)Pain
71%
Human (2015)Painkiller
71%
EXPLOSIONS (2022)So Called Life
71%
Life Starts Now (2009)The Good Life
71%
Outsider (2018)The Mountain
71%
One-X (2006)Time Of Dying
71%
EXPLOSIONS (2022)A Scar Is Born
57%
Three Days Grace (2003)Burn
57%
Human (2015)Fallen Angel
57%
Three Days Grace (2003)Home
57%
Outsider (2018)I Am An Outsider
57%
EXPLOSIONS (2022)I Am The Weapon
57%
EXPLOSIONS (2022)Lifetime
57%
EXPLOSIONS (2022)Neurotic (ft. Lukas Rossi)
57%
One-X (2006)On My Own
57%
One-X (2006)Riot
57%
EXPLOSIONS (2022)Souvenirs
57%
Outsider (2018)Strange Days
57%
Outsider (2018)The Abyss
57%
Transit Of Venus (2012)The High Road
57%
Life Starts Now (2009)World So Cold
57%
Life Starts Now (2009)Bitter Taste
43%
Transit Of Venus (2012)Broken Glass
43%
Life Starts Now (2009)Bully
43%
EXPLOSIONS (2022)Chain of Abuse
43%
Outsider (2018)Chasing The First Time
43%
Three Days Grace (2003)Drown
43%
One-X (2006)Get Out Alive
43%
Transit Of Venus (2012)Give Me A Reason
43%
Life Starts Now (2009)Goin' Down
43%
Transit Of Venus (2012)Happiness
43%
Human (2015)Landmine
43%
Life Starts Now (2009)Last To Know
43%
Three Days Grace (2003)Let You Down
43%
Life Starts Now (2009)Lost In You
43%
Outsider (2018)Love Me Or Leave Me
43%
Outsider (2018)Me Against You
43%
Life Starts Now (2009)No More
43%
Human (2015)Nothing's Fair In Love And War
43%
Outsider (2018)Nothing To Lose But You
43%
EXPLOSIONS (2022)No Tomorrow
43%
Three Days Grace (2003)Now Or Never
43%
Three Days Grace (2003)Overrated
43%
EXPLOSIONS (2022)Redemption
43%
EXPLOSIONS (2022)Someone To Talk To (ft. Apocalyptica)
43%
Life Starts Now (2009)Someone Who Cares
43%
Human (2015)So What
43%
Three Days Grace (2003)Take Me Under
43%
Human (2015)Tell Me Why
43%
Bonus Tracks (2000-2016)The Chain
43%
Human (2015)The End Is Not The Answer
43%
Outsider (2018)The New Real
43%
Outsider (2018)Villain I'm Not
43%
Three Days Grace (2003)Wake Up
43%
Bonus Tracks (2000-2016)You Don't Get Me High Anymore
43%
Transit Of Venus (2012)Anonymous
29%
Three Days Grace (2003)Are You Ready
29%
Three Days Grace (2003)Born Like This
29%
Human (2015)Car Crash
29%
EXPLOSIONS (2022)Champion
29%
Transit Of Venus (2012)Expectations
29%
Transit Of Venus (2012)Give In To Me
29%
One-X (2006)It's All Over
29%
One-X (2006)Let It Die
29%
Transit Of Venus (2012)Misery Loves My Company
29%
Transit Of Venus (2012)Operate
29%
One-X (2006)Over And Over
29%
One-X (2006)Running Away
29%
Transit Of Venus (2012)Sign Of The Times
29%
Human (2015)The Real You
29%
Transit Of Venus (2012)Time That Remains
29%
Transit Of Venus (2012)Unbreakable Heart
29%
Bonus Tracks (2000-2016)Wicked Game
29%
Life Starts Now (2009)Without You
29%
Human (2015)One Too Many
14%
Three Days Grace (2003)Scared
14%
Bonus Tracks (2000-2016)TV
14%
Bonus Tracks (2000-2016)In Front Of Me
0%
Bonus Tracks (2000-2016)My Own Life
0%
Bonus Tracks (2000-2016)Somebody I Used To Know
0%
Bonus Tracks (2000-2016)This Movie
0%

Score Distribution

Percentile by Number Answered

Percent of People with Each Score

Your Score History

You have not taken this quiz since the last reset